| 000 | 00499nam a2200193 4500 | ||
|---|---|---|---|
| 001 | 46078 | ||
| 090 | _a46078 | ||
| 100 | _a20260505 pory50 | ||
| 101 | _apor | ||
| 102 | _aPT | ||
| 200 |
_aHoras de vidro _dPoesia _fUrbano tavares Rodrigues |
||
| 200 |
_aO Eterno efémero _dProsa _fUrbano Tavares Rodrigues |
||
| 210 |
_aLisboa _cPublicações Dom Quixote _d2011 |
||
| 215 | _a103 p. , 151 p. | ||
| 225 | _aFrente e Verso | ||
| 675 | _a82-1 | ||
| 675 | _a82-31 | ||
| 801 |
_aPT _gRPC |
||
| 990 | _cLIVROS | ||